00525nam a2200169Ia 4500003000400000008004100004020001500045040001600060082002000076100002500096245008500121260004400206300002700250650001000277650003200287650003600319GCL140319s9999 xx 000 0 eng d a0844408042 aGCL / cGCL04a016.297122bF H1 aFAWZI MIKHAIL TADROS10aTHE HOLY KORAN IN THE LIBRARY OF CONGRESS : A BIOGRAPHY / cFAWZI MIKHAIL TADROS a[S.N] : bLIBRARY OF CONGRESS ، c1993 a23 CM ؛ cXXIX, 449 P04aKORAN04aLIBRARY OF CONGRESS CATALOG04aKORAN - BIBLIOGRAPHY - CATALOGS